| 000 | 00607nam a22002297i 4500 | ||
|---|---|---|---|
| 001 | 5846 | ||
| 003 | OSt | ||
| 005 | 20180914150756.0 | ||
| 007 | tu | ||
| 008 | 161220s1997 gw ||||| |||| ||| ||ger d | ||
| 020 | _a3-8015-0281-2 | ||
| 024 | 7 |
_a5846 _2RID |
|
| 024 | 7 |
_a5846 _2RSN (alt) |
|
| 040 | _cOSt | ||
| 041 | _ager | ||
| 100 | 1 |
_aMichalski, Krzysztof _eEd. |
|
| 245 | 0 | 0 | _aDemokratische Politik: Die Agenda der Zukunft |
| 260 |
_aFrankfurt/Main : _bVerlag Neue Kritik, _c1997. |
||
| 490 | 1 |
_aTransit: Europäische Revue _v14 _x0938-2062 |
|
| 830 | 0 |
_w5841 _tTransit: Europäische Revue _v14 |
|
| 942 | _cJ | ||
| 999 |
_c5568 _d5568 |
||